Študijný program Fakulty riadenia VŠE v Bratislave Školský rok 1990-91

Guardado en:
Detalles Bibliográficos
Formato: Libro
Lenguaje:eslovaco
Publicado: Bratislava Rektorát VŠE 1990
Materias:
Etiquetas: Agregar Etiqueta
Sin Etiquetas, Sea el primero en etiquetar este registro!

MARC

LEADER 00000nam a2200000 4500
001 c019059
005 20250520122733.7
020 |a 80-225-0208-1 
041 0 |a slo 
044 |a SK 
245 1 0 |a Študijný program Fakulty riadenia VŠE v Bratislave  |b Školský rok 1990-91 
264 1 |a Bratislava  |b Rektorát VŠE  |c 1990 
300 |a 171 s. 
610 2 0 |a školy vysoké 
610 2 0 |a štúdium vysokoškolské 
610 2 0 |a vzdelanie vysokoškolské 
610 2 0 |a programy študijné